书目信息 |
| 题名: |
数据结构(C语言)
|
|
| 作者: | 唐国民 | |
| 分册: | ||
| 出版信息: | 北京 清华大学出版社 2015.02 |
|
| 页数: | 240页 | |
| 开本: | 20cm | |
| 丛书名: | ||
| 单 册: | ||
| 中图分类: | TP311.12 | |
| 科图分类: | ||
| 主题词: | 软件 | |
| 电子资源: | ||
| ISBN: | 7-302-31328-8 | |
| 000 | 00589nam0 2200205 450 | |
| 001 | 4048 | |
| 005 | 20161212165003.96 | |
| 010 | @a7-302-31328-8@dCNY29.00 | |
| 100 | @a20150812d2015 km y0chiy0120 ea | |
| 101 | 0 | @achi |
| 102 | @aCN@b110000 | |
| 200 | 1 | @a数据结构(C语言)@Ashu ju jie gou(C yu yan)@f唐国民@Ftang guo min |
| 210 | @a北京@c清华大学出版社@d2015.02 | |
| 215 | @a240页@d20cm | |
| 330 | @a数据结构·教材·C语言 | |
| 606 | 0 | @a软件 |
| 690 | @aTP311.12@v4 | |
| 701 | 0 | @a唐国民@Atang guo min |
| 801 | 0 | @aCN@b大连网信软件有限公司图书馆·11@c20161212 |
| 905 | @aZUCC@dTP311.12@e1049 | |
| 数据结构(C语言)/唐国民.-北京:清华大学出版社,2015.02 |
| 240页;20cm |
| ISBN 7-302-31328-8:CNY29.00 |
| 数据结构·教材·C语言 |
| ● |
| 相关链接 |
|
|
|
|
正题名:数据结构(C语言)
索取号:TP311.12/1049
 
预约/预借
| 序号 | 登录号 | 条形码 | 馆藏地/架位号 | 状态 | 备注 |
| 1 | 908872 | 209088725 | 第二样本阅览室/ [索取号:TP311.12/1049] | 在馆 | |
| 2 | 908873 | 209088734 | 密集书库—计算机科学学院/ [索取号:TP311.12/1049] | 在馆 | |
| 3 | 908874 | 209088743 | 第三借阅区/ [索取号:TP311.12/1049] | 在馆 | |
| 4 | 908875 | 209088752 | 第三借阅区/ [索取号:TP311.12/1049] | 在馆 | |
| 5 | 908876 | 209088761 | 第三借阅区/ [索取号:TP311.12/1049] | 在馆 |